000 00584nam a2200193Ia 4500
005 20250326144802.0
008 250326s9999 xx 000 0 und d
020 _a0-8058-5419-3
037 _aTextbook
040 _aFMSL
_beng
_cFMSL
041 _aeng
_2eng
084 _aT4:30b(X:9) P6
_qFMSL
100 _aStroh L K
_9742391
245 0 _aBasic principle of effective consulting
_cStroh L K; Johnson H H
260 _aNew Jersey
_bNew Jersey, Lawrence Erlbaum Associations
_c2006
300 _a175p
942 _cTB
_hT4:30b(X:9) P6
999 _c1305045
_d1305045